000 00321nam a2200121Ia 4500
005 20251222141835.0
008 251222s9999||||xx |||||||||||||| ||spa||
082 _a336.2/C39
100 _aCayo Quispe, Luis
245 0 _aBeneficios e Incentivos Tributarios por Actividad Económica
264 _bEntrelíneas
942 _cLIB
999 _c7251
_d7251